|
|
|
|
| LEADER |
03127nam a22005295i 4500 |
| 001 |
978-3-540-32387-7 |
| 003 |
DE-He213 |
| 005 |
20151204160548.0 |
| 007 |
cr nn 008mamaa |
| 008 |
100806s2005 gw | s |||| 0|eng d |
| 020 |
|
|
|a 9783540323877
|9 978-3-540-32387-7
|
| 024 |
7 |
|
|a 10.1007/b104189
|2 doi
|
| 040 |
|
|
|d GrThAP
|
| 050 |
|
4 |
|a TA329-348
|
| 050 |
|
4 |
|a TA640-643
|
| 072 |
|
7 |
|a TBJ
|2 bicssc
|
| 072 |
|
7 |
|a MAT003000
|2 bisacsh
|
| 082 |
0 |
4 |
|a 519
|2 23
|
| 245 |
1 |
0 |
|a Real World Applications of Computational Intelligence
|h [electronic resource] /
|c edited by Mircea Gh. Negoita, Bernd Reusch.
|
| 264 |
|
1 |
|a Berlin, Heidelberg :
|b Springer Berlin Heidelberg,
|c 2005.
|
| 300 |
|
|
|a XVI, 296 p.
|b online resource.
|
| 336 |
|
|
|a text
|b txt
|2 rdacontent
|
| 337 |
|
|
|a computer
|b c
|2 rdamedia
|
| 338 |
|
|
|a online resource
|b cr
|2 rdacarrier
|
| 347 |
|
|
|a text file
|b PDF
|2 rda
|
| 490 |
1 |
|
|a Studies in Fuzziness and Soft Computing,
|x 1434-9922 ;
|v 179
|
| 505 |
0 |
|
|a Part I : NZ – German School of Computational Intelligence at KES2004 -- Basics of Engineering The Intelligent Hybrid Systems - Not Industrial Applications Only -- Basics of Machine Learning by Support Vector Machines -- Supporting Deep Learning in an Open-ended Domain -- Data Driven Fuzzy Modelling with Neural Networks -- Hybrid Computational Intelligence Systems for Real World Applications -- Autonomous Intelligent Systems – from Sci-Fi to Reality -- Part II - Selected KES2004 Conference Tutorials -- Introduction to Rough Set Theory and Applications -- Bioinformatics with Evolutionary Computation -- Data Mining; Algorithms and Applications.
|
| 520 |
|
|
|a Computational Intelligence (CI) has emerged as a novel and highly diversified paradigm supporting the design, analysis and deployment of intelligent systems. This book presents a careful selection of the field that very well reflects the breadth of the discipline. It covers a range of highly relevant and practical design principles governing the development of intelligent systems in data mining, robotics, bioinformatics, and intelligent tutoring systems. The lucid presentations, coherent organization, breadth and the authoritative coverage of the area make the book highly attractive for everybody interested in the design and analysis of intelligent systems.
|
| 650 |
|
0 |
|a Engineering.
|
| 650 |
|
0 |
|a Artificial intelligence.
|
| 650 |
|
0 |
|a Bioinformatics.
|
| 650 |
|
0 |
|a Applied mathematics.
|
| 650 |
|
0 |
|a Engineering mathematics.
|
| 650 |
1 |
4 |
|a Engineering.
|
| 650 |
2 |
4 |
|a Appl.Mathematics/Computational Methods of Engineering.
|
| 650 |
2 |
4 |
|a Artificial Intelligence (incl. Robotics).
|
| 650 |
2 |
4 |
|a Applications of Mathematics.
|
| 650 |
2 |
4 |
|a Bioinformatics.
|
| 700 |
1 |
|
|a Negoita, Mircea Gh.
|e editor.
|
| 700 |
1 |
|
|a Reusch, Bernd.
|e editor.
|
| 710 |
2 |
|
|a SpringerLink (Online service)
|
| 773 |
0 |
|
|t Springer eBooks
|
| 776 |
0 |
8 |
|i Printed edition:
|z 9783540250067
|
| 830 |
|
0 |
|a Studies in Fuzziness and Soft Computing,
|x 1434-9922 ;
|v 179
|
| 856 |
4 |
0 |
|u http://dx.doi.org/10.1007/b104189
|z Full Text via HEAL-Link
|
| 912 |
|
|
|a ZDB-2-ENG
|
| 950 |
|
|
|a Engineering (Springer-11647)
|